000 00567nam a2200229Ia 4500
003 OSt
005 20221005124245.0
006 a|||||r|||| 00| 0
007 ta
008 221004b |||||||| |||| 00| 0 eng d
024 _a65501
037 _cTextual
040 _aCRL
_cCRL
_beng
041 _2eng
_aeng
082 _aV491:1:M5, A1
100 _aLumsden H B
_9634931
245 0 _aMission to Kandahar with appendices
260 _c1871
650 _aHISTORY
942 _hV491:1:M5, A1
_cTEXL
_2cc
999 _c1049908
_d1049908